| 000 | 00441cam a2200157ua 4500 | ||
|---|---|---|---|
| 041 |
_aeng _h |
||
| 082 |
_a628.4 _bSHA/WA |
||
| 100 | _aSharma, Hari . | ||
| 245 |
_aWaste containment systems,waste stabilization and lanfills:design and evaluation / _cSharma Hari. _hTextual Documents |
||
| 260 |
_aLondon : _bJohn Wiley & Sons , _c1994. |
||
| 300 | _a588 ; . | ||
| 500 | _a**Reference | ||
| 504 | _a | ||
| 942 | _cBK | ||
| 999 |
_c10657 _d10657 |
||